Breve historia universal (hasta el año 2000)

Αποθηκεύτηκε σε:
Λεπτομέρειες βιβλιογραφικής εγγραφής
Κύριος συγγραφέας: Krebs Wilckens, Ricardo (autor)
Μορφή: Βιβλίο
Γλώσσα:Ισπανικά
Έκδοση: Santiago, Chile: Universitaria, 2003
Έκδοση:Vigésima segunda edición.
Σειρά:El Saber y la Cultura
Θέματα:
Ετικέτες: Προσθήκη ετικέτας
Δεν υπάρχουν, Καταχωρήστε ετικέτα πρώτοι!

MARC

LEADER 00000nam a2200000 a 4500
001 UCL6013
003 CL-VaPUC
005 20250416120608.0
008 040326e20030000CL |||||||||||||||||spa|d
999 |c 308322  |d 308320 
020 |a 9561116375 
040 |c Pontificia Universidad Católica de Valparaíso 
082 0 4 |a 909 KRE 2003  |2 21 
100 1 |a Krebs Wilckens, Ricardo  |e autor  |9 588021 
245 1 0 |a Breve historia universal (hasta el año 2000) 
250 |a Vigésima segunda edición. 
260 |a Santiago, Chile:  |b Universitaria,  |c 2003 
300 |a 522 páginas 
490 0 |a El Saber y la Cultura 
583 |a last modification  |c 20040326 00:00:00  |k Rodrigo Vera 
650 0 |a Historia universal  |9 266877 
942 |c BK  |2 ddc 
945 |d 20040326 00:00:00  |a cmena 
952 |0 0  |1 0  |4 0  |6 909_000000000000000_KRE_2003  |7 0  |8 A  |9 374716  |a BIBDER  |b BIBDER  |d 2019-11-21  |i 3998991  |o 909 KRE 2003  |p 3998991  |r 2023-01-25  |w 2019-11-21  |y BK  |k DER 
952 |0 0  |1 0  |4 0  |6 909_000000000000000_KRE_2003  |7 0  |8 A  |9 374717  |a BIBDER  |b BIBDER  |d 2019-11-21  |i 3999009  |o 909 KRE 2003  |p 3999009  |r 2023-01-25  |w 2019-11-21  |y BK  |k DER 
952 |0 0  |1 0  |4 0  |6 909_000000000000000_KRE_2003  |7 0  |8 A  |9 374718  |a BIBDER  |b BIBDER  |d 2019-11-21  |i 3999017  |o 909 KRE 2003  |p 3999017  |r 2023-01-25  |w 2019-11-21  |y BK  |k DER 
952 |0 0  |1 0  |4 0  |6 909_000000000000000_KRE_2003  |7 0  |8 A  |9 374719  |a BIBDER  |b BIBDER  |d 2019-11-21  |i 3999025  |o 909 KRE 2003  |p 3999025  |r 2023-01-25  |w 2019-11-21  |y BK  |k DER 
952 |0 0  |1 0  |4 0  |6 909_000000000000000_KRE_2003  |7 0  |8 A  |9 374720  |a BIBDER  |b BIBDER  |d 2019-11-21  |i 3999033  |o 909 KRE 2003  |p 3999033  |r 2023-01-25  |w 2019-11-21  |y BK  |k DER